00614nam a2200205Ia 450000500170000000800410001702000300005804000190008804100120010708200150011910000210013424500870015525000120024226000310025430000290028550400250031465000180033965100410035785000100039820230731132244.0131103s9999 xx 000 0 und d a0-87692-792-4cRs. 195.00 aLoreto College aEnglish a551.4bBLO aBloom , Arthur L aGeomorphologyb a systematic analysis of late cenezoic landforms cArthur L Bloom a2nd ed. aDelhibPrentice Hallc1991 axii ,532pb ill. figures aSecond printing 1992 aGeomorphology aGeology - Geomorphology ,Hydrosphere aLCLIB